000 00414nam a2200181Ia 4500
008 151202s9999||||xx |||||||||||||| ||und||
082 _bPNVM-14769
100 _aSPENDER J. A.
245 _aTHESE TIMES.
260 _bCASSELL & CO. LTD.
260 _c0
300 _a168
600 _aSPENDER J. A.
630 _aTHESE TIMES.
700 _aSPENDER J. A.
730 _aTHESE TIMES.
942 _cBOOK
999 _c1280754
_d1280751